Guess the Badly Drawn Logos - Statistics

General Stats
  • This quiz has been taken 1,115 times
  • The average score is 10 of 12
Answer Stats
Picture Answer % Correct
Amazon
95%
Google
95%
Netflix
95%
Subway
94%
Facebook
93%
Fanta
93%
Puma
93%
Xbox
93%
Apple
92%
TikTok
92%
Twitter
92%
Domino's
91%
Pepsi
91%
Adidas
90%
Bluetooth
90%
Nike
90%
Playstation
90%
Youtube
90%
7up
89%
Minecraft
89%
Tacobell
89%
Target
89%
Monster
88%
Yahoo
88%
Gmail
87%
LG
87%
McDonalds
87%
Microsoft
87%
Android
86%
NASA
86%
Paypal
86%
Walmart
85%
Pinterest
84%
Gucci
81%
Olympics
81%
Mastercard
80%
Skype
79%
Audi
73%
Roblox
73%
T-Mobile
71%
Chevrolet
69%
Jetpunk
69%
Mercedes
69%
Under Armour
69%
Chanel
67%
Hyundai
67%
BP
57%
Mitsubishi
54%
Musically
24%
KLM
14%
No matching quizzes found
Score Distribution
Percent of People with Each Score
Percentile by Number Answered
Your Score History
You have not taken this quiz